"Imaginäre Geschichtsschreibung"

Titel: "Imaginäre Geschichtsschreibung" : Für Siegfried Lenz zum siebzigsten Geburtstag
Verfasser:
In: Ostpreußen, (2001), Seite 161-169
alle Artikel anzeigen
Veröffentlicht: 2001
Format: Aufsatz
Sprache: Deutsch
Kein Bild verfügbar
X
alg: 39246294
001A    $01999:11-11-16 
001B    $01999:17-05-21 $t20:32:25.000 
001D    $01999:11-11-16 
001U    $0utf8 
001X    $00 
002@    $0Aox 
003@    $039246294X 
007A    $039246294X $aHEB 
007T    $0Herd41867 
010@    $ager 
011@    $a2001 
021A    $a"Imaginäre Geschichtsschreibung" $dFür Siegfried Lenz zum siebzigsten Geburtstag 
028A    $aHinck $dWalter 
031A    $h161-169 $j2001 
039B    $aIn $8--Aau--. Ostpreußen. - Berlin : Duncker & Humblot, 2001. - 190 S.. - ISBN 3-428-10476-5 $x200100000000000839 $9094900752 
045F    $a929.094382 $eDDC23BSB 
045F/01 $a929 
045F/03 $g4382 
045F/03 $g43832 

lok: 39246294 78

exp: 39246294 78 1 #EPN
201B/01 $019-09-18 $t22:52:45.000 
201U/01 $0utf8 
203@/01 $0788560727 
208@/01 $a11-11-16 $be 
209A/01 $a/ $f000 $x00 
220C/01 $aTitelaufnehmer: gk 
220C/01 $aHerkunft: UKM/UB Toruń;HI Marburg 
244Z/01 $2Trx $#Prusy Wschodnie i Zachodnie $8--Trx--Ost- und Westpreußen $x01 $939113373X 
244Z/01 $#Lenz, Siegfried $#Lenṣ, Zîgfrîd $#Leṉs, Sīkprīṭ $#Lencas, Zygfrydas $#Lenz, Ziegfried $#Lents, Zigfrid $#Lencs, Zigfrīds $#Lents, Zinkphrint $#Xi ge fu li de Lun ci $#Xigefulide-Lunci $#Lunci, Xigefulide $#Qi ge fei Lan ci $#Qigefei-Lanci $#Lanci, Qigefei $#Lenz, Sigfried $#Lenc, Zigfrid $#Lenz-Seelmann, ... $#Lenz, Siegfrie $#Ленц, Зигфрид $#렌츠, 지그프리트 $#לנץ, זיגפריד $#西格弗里德・伦茨 $#ジークフリート・レンツ $#伦茨, 西格弗里德 $#レンツ, ジークフリート $7118571680 $8--Tp1--Lenz, Siegfried$Z1926-2014 $x02 $9086912712 
244Z/01 $2Trx $#kirjandus, Saksa $#literatūra, vokiečių $#Literature, German $#irodalom, német $#literatura niemiecka $#literatúra nemecká $#literatura německá $8--Trx--Literatur, deutsche $x03 $9391368125 
244Z/01 $2Trx $8--Trx--Einzelbeiträge $x04 $9391384570 
245Z/01 $a12.03 $x01 
247C/01 $82080>Marburg/Lahn, Herder-Institut, Forschungsbibliothek, Bibliographieportal $9336309341
LEADER 00000caa a22000002c 4500
001 39246294X
003 DE-603
005 20210517203225.0
007 tu
008 161111s2001 xx |||| | u00||u|ger c
035 |a (DE-599)HEB39246294X 
040 |a DE-603  |b ger  |c DE-603  |d DE-603 
041 |a ger 
082 0 4 |8 1\u  |a 929.094382  |q DE-101  |2 23/BSB 
085 |8 1\u  |b 929 
085 |8 1\u  |z 2  |s 4382 
085 |8 1\u  |z 2  |s 43832 
100 1 |a Hinck, Walter 
245 0 0 |a "Imaginäre Geschichtsschreibung"  |b Für Siegfried Lenz zum siebzigsten Geburtstag 
264 0 |c 2001 
773 0 8 |i In  |t Ostpreußen  |d Berlin : Duncker & Humblot, 2001  |h 190 S.  |z 3428104765  |g (2001), Seite 161-169  |w (DE-603)094900752 
924 0 |9 2080  |a (DE-603)788560727  |b DE-2080  |c HES  |d d  |g /